| 000 | 00711nam a2200217Ia 4500 | ||
|---|---|---|---|
| 008 | 140321s9999 xx 000 0 und d | ||
| 020 | _a9780495902973 | ||
| 050 |
_aKF 2750.A7 _b.Z37 2011 |
||
| 100 | _aZelezny, John D. | ||
| 245 |
_aCases in communications law : _bliberties, rerstraints, and the modern media / _cJohn D. Zelezny. |
||
| 250 | _a6th ed. | ||
| 260 |
_aMassachusetts : _bWadsworth Cengage Learning, _cc2011. |
||
| 300 |
_a294 p. : _bill. ; _c24 cm. |
||
| 500 | _aIncludes index. | ||
| 521 | _aMC | ||
| 650 |
_aFreedom of speech _xUnited States. |
||
| 650 |
_aMass media _xLaw and legislation -- United States. |
||
| 650 |
_aPress law _xUnited States. |
||
| 942 |
_kFOR _cBK |
||
| 999 |
_c48574 _d48574 |
||